| 000 -LEADER |
| fixed length control field |
00853nam a22002057a 4500 |
| 003 - CONTROL NUMBER IDENTIFIER |
| control field |
OSt |
| 005 - DATE AND TIME OF LATEST TRANSACTION |
| control field |
20140520134513.0 |
| 008 - FIXED-LENGTH DATA ELEMENTS--GENERAL INFORMATION |
| fixed length control field |
140403t xxu||||| |||| 00| 0 eng d |
| 020 ## - INTERNATIONAL STANDARD BOOK NUMBER |
| International Standard Book Number |
ISMN: M 00420716 1 |
| 040 ## - CATALOGING SOURCE |
| Language of cataloging |
Shqip |
| 082 ## - DEWEY DECIMAL CLASSIFICATION NUMBER |
| Item number |
785.11/Web.86 |
| 100 ## - MAIN ENTRY--PERSONAL NAME |
| Personal name |
Weber, Carl Maria von |
| Fuller form of name |
Carl Maria von Weber |
| 245 ## - TITLE STATEMENT |
| Title |
Konzert fur klarinette und Orchester Nr.2. Esdur op.74 |
| 260 ## - PUBLICATION, DISTRIBUTION, ETC. (IMPRINT) |
| Place of publication, distribution, etc |
Wiesbaden |
| Name of publisher, distributor, etc |
Breitkopf & Hortel |
| 300 ## - PHYSICAL DESCRIPTION |
| Size of unit |
53 f. + 21 parte |
| 600 ## - SUBJECT ADDED ENTRY--PERSONAL NAME |
| Source of heading or term |
} Lista e emertimeve lëndore te Bibliotekës së Kongresit {Library of Congress Subject headings-LCSH |
| Fuller form of name |
Carl Maria von Weber |
| Title of a work |
Konzert fur klarinette und Orchester Nr.2.Esdur op.74 |
| Form subdivision |
Muzika boterore |
| General subdivision |
Muzika orkestrale - Muzike instrumentale - Muzike per klarinete - Koncertet - Partitura - Partet |
| 856 ## - ELECTRONIC LOCATION AND ACCESS |
| Link text |
Fulltext |
| 942 ## - ADDED ENTRY ELEMENTS (KOHA) |
| Source of classification or shelving scheme |
|
| Koha item type |
Books |
| Classification part |
785.11.089.61 |
| 953 ## - Fulltext |
| Is Fulltext Available |
Unavailable |